[Event "Oberpfalz-ch M1"]
[Site "Schwarzenfeld"]
[Date "2005.??.??"]
[Round "1"]
[White "Tranitz, Christian"]
[Black "Lautner, Juergen"]
[Result "1/2-1/2"]
[WhiteElo "1767"]
[BlackElo "1948"]
[PlyCount "34"]
[EventDate "2005.03.19"]
[EventType "swiss"]
[EventRounds "8"]
[EventCountry "GER"]
[SourceTitle "EXT 2022"]
[Source "ChessBase"]
[SourceDate "2021.10.06"]
[SourceVersion "1"]
[SourceVersionDate "2021.10.06"]
[SourceQuality "1"]

1. e4 c5 2. f4 Nc6 3. Nf3 g6 4. Bb5 Bg7 5. Nc3 Nd4 6. Bd3 d6 7. Nxd4 cxd4 8. Ne2 e6 9. 0-0 Ne7 10. c3 dxc3 11. bxc3 0-0 12. Bc2 Qa5 13. d4 Bd7 14. Bd2 Rac8 15. Bb3 Bc6 16. Ng3 d5 17. f5 exf5 1/2-1/2

[Event "Passau op 8th"]
[Site "Passau"]
[Date "2000.04.22"]
[Round "3"]
[White "Lautner, Juergen"]
[Black "Weiss, Oliver"]
[Result "1/2-1/2"]
[WhiteElo "1904"]
[BlackElo "2175"]
[PlyCount "32"]
[EventDate "2000.04.21"]
[EventType "swiss"]
[EventRounds "7"]
[EventCountry "GER"]
[SourceTitle "CBM 076 Extra"]
[Source "ChessBase"]
[SourceDate "2000.07.11"]
[SourceVersion "1"]
[SourceVersionDate "2000.07.11"]
[SourceQuality "1"]

1. c4 e6 2. g3 Nf6 3. Nf3 d5 4. b3 Bd6 5. Bb2 Nbd7 6. Bg2 0-0 7. 0-0 c6 8. d3 Qe7 9. a3 b5 10. Nd4 bxc4 11. Nxc6 Qe8 12. bxc4 Nb6 13. Ne5 Bb7 14. Nd2 Rb8 15. cxd5 Na4 16. Bd4 Nxd5 1/2-1/2